| 000 | 00801nas a2200253 4500 | ||
|---|---|---|---|
| 001 | BR2015006978 | ||
| 003 | BR-BrBNA | ||
| 005 | 20231205130020.0 | ||
| 007 | ta | ||
| 008 | 230509b bl.|||p| |||| 00| 00por d | ||
| 040 |
_aBR-BrBNA _bpor _cBiblioteca Nacional de Agricultura |
||
| 041 | _a(En) | ||
| 072 | _aL60 | ||
| 100 | 1 | _aLourenço, W.R. | |
| 245 | 1 | _aThe scorpion families and their geographical distribution | |
| 650 | _aESCORPIAO | ||
| 650 | _aDISTRIBUICAO GEOGRAFICA | ||
| 650 | _aTAXONOMIA ANIMAL | ||
| 650 | _aCIENCIA ANIMAL | ||
| 773 | 0 |
_tJournal of Venomous Animals and Toxins (Brazil) _xISSN 1678-4936 _g(2001), v. 7(1) p. 3-23 _wBR2015006978 |
|
| 856 | 4 | 0 | _uhttp://dx.doi.org/10.1590/S0104-79302001000100002 |
| 909 |
_a202311 _bLúcia _c55 _dLúcia Elande |
||
| 942 |
_2AGRIS _n0 _cANA |
||
| 999 |
_c247449 _d247449 |
||